000 00513nam a2200193Ia 4500
005 20250326141616.0
008 250326s9999 xx 000 0 und d
020 _a0-8039-9638-1
037 _aTextbook
040 _aFMSL
_beng
_cFMSL
041 _aeng
_2eng
084 _aX:89ZB N0
_qFMSL
100 _aIndiresan P V
245 0 _aManaging development
_cIndiresan P V
260 _aNew Delhi
_bNew Delhi, Sage
_c1990
300 _a284p
942 _cTB
_hX:89ZB N0
999 _c1291131
_d1291131